000 00680nam a2200289Ia 4500
005 20260324135847.0
008 008 260324s9999 xx 000 0 eng d
020 _a9781315831244
037 _aEBOOK
040 _aCRL
040 _beng
040 _cCRL
041 _2eng
041 _aeng
084 _qCRL
100 _aDavid McDowell; Henry I. Spitz
_91202195
245 0 _aSubstance Abuse
245 0 _bFrom Princeples to Practice
260 _bTaylor and Francis
260 _c1999
365 _a
365 _b86.99
856 _uhttp://www.taylorfrancis.com/books/9781315831244
942 _cEBOOK
999 _c1803703
_d1803703